00747nam a2200241 a 4500001001300000003000900013005001700022008004100039020002400080082002000104100001900124245007100143260004900214300000900263500003500272505001000307650001600317700001900333902000800352942000700360952012300367999001500490nice12345678IN_TiNIC20260116013116.0050524s1995 pria grp 000 0 eng  a069106X c202500a305.420962bBAD aBadran, Margot aFeminist, Islam, and Nation; Gender and the Making of Modern Egypt aPrincetonbPrinceton University Press c1995 a352p aincludes index and biblioraphy2 aIndex aWomen-Egypt1 aBadran, Margot bSRS cBK 001040708StackRoom-aHMIbHMId2007-03-23g2025.00l0o305.420962 BADp019293r2007-03-23v2025.00w2005-05-24yBK c9686d9686